| 000 | 01479cam a2200361 i 4500 | ||
|---|---|---|---|
| 001 | 19054014 | ||
| 003 | OSt | ||
| 005 | 20230929115947.0 | ||
| 008 | 160413s2017 flua b 001 0 eng | ||
| 010 | _a 2016010816 | ||
| 020 | _a9781498771016 (pbk. : acidfree paper) | ||
| 040 |
_aDLC _beng _cDLC _erda _dDLC |
||
| 042 | _apcc | ||
| 050 | 0 | 0 |
_aQA303.5.C65 _bA73 2017 |
| 082 | 0 | 0 |
_a515.028553 _bARA/E |
| 100 | 1 | _aArangala, Crista. | |
| 245 | 1 | 0 |
_aExploring calculus : _blabs and projects with Mathematica / _cCrista Arangala, Elon University, North Carolina, USA, Karen A. Yokley, Elon University, North Carolina, USA. |
| 264 | 1 |
_aBoca Raton : _bCRC Press, Taylor & Francis Group, _c[2017] |
|
| 300 |
_axi, 160 pages : _billustrations ; _c23 cm. |
||
| 336 |
_atext _2rdacontent |
||
| 337 |
_aunmediated _2rdamedia |
||
| 338 |
_avolume _2rdacarrier |
||
| 490 | 0 | _aTextbooks in mathematics | |
| 500 | _a"A Chapman & Hall book." | ||
| 504 | _aIncludes bibliographical references (pages 155-157) and index. | ||
| 630 | 0 | 0 | _aMathematica (Computer file) |
| 650 | 0 |
_aCalculus _xComputer-assisted instruction. |
|
| 650 | 0 |
_aCalculus _xData processing. |
|
| 700 | 1 |
_aYokley, Karen A., _d1976- |
|
| 906 |
_a7 _bcbc _corignew _d1 _eecip _f20 _gy-gencatlg |
||
| 942 |
_2ddc _cBK _h515.028553 _iARA/E _k515.028553 _mARA/E |
||
| 999 |
_c42393 _d42393 |
||